Same Author: Different Book Quiz Stats

Quiz Updated Oct 13, 2016

Challenge
Share
Tweet
Score 0/30 Timer 06:00
18 Plays Today
% Correct
The Lord of the Rings
94.6%
Hamlet
94.5%
Animal Farm
92.8%
Great Expectations
88.2%
War and Peace
82.5%
Little Women
81.3%
The Count Of Monte Cristo
78.8%
Les Misérables
78.3%
Crime And Punishment
76.9%
Of Mice And Men
70.6%
Pride and Prejudice
66.3%
The Twits
61.8%
Love In The Time Of Cholera
60.5%
Treasure Island
59.4%
Ulysses
58.1%
% Correct
Prince Caspian
57.3%
The Great Gatsby
54.5%
Midnight's Children
51.5%
The Catcher in the Rye
46.5%
Tess Of The D'Urbervilles
45.4%
Lord Jim
45.1%
To the Lighthouse
43.6%
Middlemarch
40.4%
Jane Eyre
34.7%
Rebecca
31.7%
The Ambassadors
31.5%
Mort
21.8%
Brave New World
21.8%
Lord Of The Flies
21%
Point Blanc
18%

You're not logged in!

Compare scores with friends on all Sporcle quizzes.
Sign Up with Email
OR
Log In

You Might Also Like...

Show Comments

Extras

Top Quizzes Today


Score Distribution

Your Account Isn't Verified!

In order to create a playlist on Sporcle, you need to verify the email address you used during registration. Go to your Sporcle Settings to finish the process.